| 000 | 00753nam a2200253 a 4500 | ||
|---|---|---|---|
| 008 | |||
| 020 | _a0521634504 (pbk.) | ||
| 049 | _aMAIN | ||
| 090 | 0 | 0 | _aQA927 |
| 100 | 1 | _aBillingham, J. | |
| 245 | 1 | 0 |
_aWave motion / _cJ. Billingham, A.C. King. |
| 260 |
_aCambridge : _bCambridge University Press, _c2000. |
||
| 300 |
_aix, 468 p. : _bill. (some col.) ; _c24 cm. |
||
| 440 | 0 | _aCambridge texts in applied mathematics. | |
| 504 | _aIncludes bibliographical references. | ||
| 500 | _aIncludes index. | ||
| 650 | 0 | _aWave-motion, Theory of. | |
| 700 | 1 | _aKing, A. C. | |
| 907 |
_a.b10119413 _b27-04-04 _c26-04-04 |
||
| 003 | |||
| 005 | 20230123133704.0 | ||
| 040 | _cNUST | ||
| 942 |
_cBOOKS _kQA927 |
||
| 999 |
_c152921 _d152921 |
||